000 00756nam a2200265 4500
001 16489
003 BD-RjUL
005 20211209000021.0
008 140213s1968 enkobe 001 0 eng
020 _a0719517990
035 _a(BD-RjUL)16544
040 _aDLC
_cDLC
_dBD-RjUL
_beng
041 _aeng
082 0 0 _a711.40942
_bSHT 1968
100 1 _aSharp, Thomas
_d1901-1978.
_950968
245 1 0 _aTown and townscape /
_cThomas Sharp
260 _aLondon :
_bMurray,
_cc1968.
300 _axiv, 156 p. :
_bill., maps, plans, :
_c25 cm.
504 _aInclude index.
650 0 _aCities and towns
_zGreat Britain.
_911156
650 0 _aUrban beautification
_zGreat Britain.
_950969
942 _2ddc
_cBK
999 _c16489
_d16489